| 000 | 00363nam a2200109Ia 4500 | ||
|---|---|---|---|
| 008 | 171204s9999 xx 000 0 und d | ||
| 245 | _aBed & Broccoli: A Very Special Vegan Experience: The Food, The Lifestyle | ||
| 245 | _cNikki Medwell | ||
| 260 | _c2015 | ||
| 650 | _xCulinary Arts & Sciences with Lab | ||
| 856 | _uhttp://down.ebook777.com/023/9780987609588.pdf | ||
| 999 |
_c346624 _d346624 |
||